| 000 | 00689nam a22002177a 4500 | ||
|---|---|---|---|
| 999 |
_c8707 _d8707 |
||
| 001 | 8707 | ||
| 003 | BD-JhCC | ||
| 005 | 20180301130514.0 | ||
| 008 | 180301b1973 bg ||||| |||| 00| 0 ben d | ||
| 035 | _a(BD-JhCC)8707 | ||
| 040 |
_aBD-JhCC _dBD-JhCC |
||
| 041 | _aben | ||
| 082 |
_a547.00 _bMIA 1973 |
||
| 100 | _aমিয়া, মোঃ নূরুল হক | ||
| 245 |
_aউচ্চ মাধ্যমিক রসায়ন / _c মোঃ নূরুল হক মিয়া |
||
| 260 |
_aঢাকাঃ _bআইডিয়াল লাইব্রেরী _c1973. |
||
| 300 |
_a300 p. : _c19 cm. |
||
| 650 | _aInorganic Chemistry | ||
| 942 |
_2ddc _cBK |
||